| 000 | 00448nam a22001577a 4500 | ||
|---|---|---|---|
| 008 | 230503b |||||||| |||| 00| 0 eng d | ||
| 040 |
_aNational Science Library _cNational Science Library |
||
| 080 |
_a681.846 _bK4 |
||
| 100 |
_aMcWilliams, A A _98218 |
||
| 245 | _aTape recording and reproduction | ||
| 260 |
_aLondon: _bFocal Press Limited, _c1964 |
||
| 300 | _a287p. | ||
| 650 | _aIndustries | ||
| 653 | _aMagnetism | ||
| 942 |
_2udc _cREF |
||
| 999 |
_c26582 _d26582 |
||